LEADER 01423nam a2200301 u 4500 001 000000030005 003 CaOOAMICUS 005 20070226111959.0 008 970903s1978 bl u000 u por u 035 $a10768366 040 $aPUL(R)$bita 041 1 $apor$hger 100 1 $aWolff, Hans Walter,$d1911-1993.$0(OLS)http://pul/name/655 240 10$aAlte Testament.$0(OLS)http://pul/title/41174 245 10$aBíblia :$bAntigo Testamento : introdução aos escritos e aos métodos de estudios /$cHans Walter Wolff. 250 $a2. ed. 260 $aSão Paulo :$bEd Pailinas,$c1978. 300 $a143 p. ;$c21 cm 490 1 $aBiblioteca de estudios bíblicos ;$v3 500 $a"Titulo original : Bibel - Das Alte Testament, Eine Einführung in seine Schriften und in die Methoden ihrer Erforschung, Traduziu Dulcemar Silva Maciel". 630 04$aBiblia.$pV.T.$xCritica e interpretazione.$0(OLS)http://pul/subject/3062 830 0$aBiblioteca de estudios bíblicos ;$v3.$0(OLS)http://pul/title/41176 850 $aPUL 852 $aPUL$W1$xSL Religione 1$y3$m1(6) C 22$j41484$nBK-PRI$b $qStampati$B41484$CPULBib$Z2$F41484 $H $81 941 1 $a8 961 $aINV: 63048 996 $6245$aBíblia :$bAntigo Testamento : introdução aos escritos e aos métodos de estudios$9(OLS)http://pul/title/41175 996 $6260$aSão Paulo :$bEd Pailinas$9(OLS)http://pul/publisher/60514 LEADER 01160nam a2200301 u 4500 001 000000071807 003 CaOOAMICUS 005 20070226122154.0 008 020605s1975 gw u000 u ger u 020 $a3491775639 035 $a10932141 040 $aPUL(R)$bita 041 1 $aita$hger 100 1 $aVögtle, Anton,$d1910-$0(OLS)http://pul/name/19374 245 10$aWie kam es zum Osterglauben? /$cAnton Vögtle/Rudolf Pesch. 260 $aDüseldorf :$bPatmos Verlag,$cc1975. 300 $a184 p. ;$c21 cm 490 1 $aPatmos Paperback 504 $aBibliografia in nota. 650 4$aPasqua.$0(OLS)http://pul/subject/2462 700 1 $aPesch, Rudolf,$d1936-2011.$0(OLS)http://pul/name/12030 830 0$aPatmos Paperback.$0(OLS)http://pul/title/59866 850 $aPUL 852 $aPUL$W1$xDP1 Religione 1$y20$m555 I 52$j92887$nBK-PRI$b $qStampati$B92887$CPULBib$Z2$F92887 $H $81 941 1 $a8 996 $6020$a3491775639$9(OLS)http://pul/number/92722 996 $6245$aWie kam es zum Osterglauben?$9(OLS)http://pul/title/94506 996 $6260$aDüseldorf :$bPatmos Verlag$9(OLS)http://pul/publisher/73710